Le Napoli - Statistiques

Statistiques générales
  • Ce quiz a été pris 11 fois
  • Le résultat moyen est 13 sur 20
Statistiques - réponses
Question Réponse % Correct
Quel numéro portait Maradona à Naples ? 10
100%
Quelle est la couleur traditionnelle du maillot du Napoli ? Bleu ciel
100%
Quel joueur géorgien est devenu une révélation en 2022-23 ? Khvicha Kvaratskhelia
100%
Dans quelle enceinte le Napoli joue-t-il ses matches à domicile ? Stadio Diego Armando Maradona
100%
Combien de championnats d’Italie le Napoli a-t-il remportés ? 4
91%
Quel joueur uruguayen a été meilleur buteur de Serie A avec Napoli en 2012-13 ? Cavani
91%
Qui a été l’entraîneur lors du titre de champion en 2022-23 ? Luciano Spalletti
91%
Combien de points d'écart y avait-il cette saison entre le Napoli et L'Inter qui ont fini respectivement premier et deuxième de Serie A ? 1
82%
Qui est le meilleur buteur de l’histoire du Napoli en matchs officiels ? Dries Mertens
73%
Qui entraînait le Napoli lors de la conquête du Scudetto 1986-87 ? Ottavio Bianchi
73%
En quelle saison le Napoli a-t-il remporté la Coupe UEFA ? 1988-89
64%
En quelle année Aurelio De Laurentiis a-t-il repris le club après sa faillite ? 2004
55%
Quel club a éliminé Naples en quarts de finale de Ligue des champions 2022-23 ? AC Milan
45%
Quel buteur argentin a formé un duo marquant avec Careca ? Diego Maradona
45%
Qui a inscrit le but du titre lors du Scudetto 2022-23 ? Victor Osimhen
45%
En quelle année le Napoli a-t-il été fondé sous le nom Naples Foot-Ball & Cricket Club ? 1904
36%
Combien de Coupes d’Italie le Napoli a-t-il gagnées ? 6
36%
Qui a été capitaine de Naples avant Marek Hamšík ? Cannavaro
36%
Quel président du Napoli a recruté Diego Maradona en 1984 ? Corrado Ferlaino
27%
Quelle équipe le Napoli a battue en finale de la Coupe UEFA 1989 ? Stuttgart
27%
Aucun quiz correspondant
Distribution des résultats
% des personnes avec chaque résultat
Percentile par nombre de réponses
Votre historique - résultats
Vous n’avez pas pris ce quiz